000 00634nam a2200241Ia 4500
003 OSt
005 20220925214640.0
006 a|||||r|||| 00| 0
007 ta
008 220923b |||||||| |||| 00| 0 eng d
037 _cGeneral Book
040 _aRTL
_cRTL
_beng
041 _2eng
_aeng
082 _aX0gF, M4
100 _aPiatier A
_9280832
245 0 _aBarriers of innovation
260 _aLondon
_bFrances Pinter
_c1984
300 _a259P
_ccm.
500 _aBibliography: P244-60
650 _aEconomics IRT Technology
942 _hX0gF, M4
_cGB
_2CC
999 _c566115
_d566115